000 00805nam a2200253Ia 4500
003 OSt
005 20220930072902.0
006 a|||||r|||| 00| 0
007 ta
008 220926b |||||||| |||| 00| 0 eng d
024 _a25656
037 _cTheses
040 _aCRL
_cCRL
_beng
041 _2eng
_aeng
100 _aBanti M. Singh
_9530631
110 _aUniversity of Delhi. Faculty of Arts. Department of African Studies
_9530632
245 0 _aForeign policy of tanzania in southern afriga 1975-1992
260 _c1999
650 _aAFRICA - HISTORY
700 _a Prof. K. Mathews Supervisor
_9523521
700 _aUniversity of Delhi. Faculty of Arts. Department of African Studies
_9530633
942 _cDIS
_2CC
999 _c864423
_d864423